MARC details
| 000 -CABECERA |
| campo de control de longitud fija |
01130cam a2200277 a 4500 |
| 001 - NÚMERO DE CONTROL |
| campo de control |
000018250 |
| 005 - FECHA Y HORA DE LA ÚLTIMA TRANSACCIÓN |
| campo de control |
20200929165424.0 |
| 008 - DATOS DE LONGITUD FIJA--INFORMACIÓN GENERAL |
| campo de control de longitud fija |
730912s1969 sp b 000 p spa d |
| 040 ## - FUENTE DE LA CATALOGACIÓN |
| Centro catalogador/agencia de origen |
DO-SdBNP |
| Lengua de catalogación |
spa |
| Centro/agencia transcriptor |
LC |
| Centro/agencia modificador |
BNPHU |
| 082 ## - NÚMERO DE LA CLASIFICACIÓN DECIMAL DEWEY |
| Número de clasificación |
849.91 |
| Número de documento/Ítem |
O16s |
| 049 ## - FONDOS LOCALES (OCLC) |
| Fondos de biblioteca |
BNGR |
| 245 00 - MENCIÓN DE TÍTULO |
| Título |
Ocho siglos de poesía catalana : |
| Resto del título |
antología bilingüe / |
| Mención de responsabilidad, etc. |
selección y prólogo J. M. Castellet y Joaquim Molas ; traducción de los poemas José Batlló y José Corredor Matheos. |
| 260 ## - PUBLICACIÓN, DISTRIBUCIÓN, ETC. |
| Lugar de publicación, distribución, etc. |
Madrid, (España) : |
| Nombre del editor, distribuidor, etc. |
Alianza Editorial, |
| Fecha de publicación, distribución, etc. |
1969. |
| 300 ## - DESCRIPCIÓN FÍSICA |
| Extensión |
548 p. ; |
| Dimensiones |
19 cm. |
| 490 1# - MENCIÓN DE SERIE |
| Mención de serie |
El Libro de bolsillo. Literatura |
| Designación de volumen o secuencia |
216 |
| 504 ## - NOTA DE BIBLIOGRAFÍA, ETC. |
| Nota de bibliografía, etc. |
Incluye referencias bibliográficas: p. 535-536. |
| 650 #4 - PUNTO DE ACCESO ADICIONAL DE MATERIA--TÉRMINO DE MATERIA |
| Término de materia o nombre geográfico como elemento de entrada |
Poesía catalana |
| 9 (RLIN) |
3127 |
| 650 #4 - PUNTO DE ACCESO ADICIONAL DE MATERIA--TÉRMINO DE MATERIA |
| Término de materia o nombre geográfico como elemento de entrada |
Literatura catalana |
| 9 (RLIN) |
3128 |
| 650 #4 - PUNTO DE ACCESO ADICIONAL DE MATERIA--TÉRMINO DE MATERIA |
| Término de materia o nombre geográfico como elemento de entrada |
Poesía catalana |
| Subdivisión general |
Colecciones |
| 9 (RLIN) |
39537 |
| 700 1# - PUNTO DE ACCESO ADICIONAL--NOMBRE DE PERSONA |
| Nombre de persona |
Castellet, J. M. |
| Forma completa/desarrollada del nombre |
(Josep Maria), |
| Fechas asociadas al nombre |
1926- |
| Término indicativo de función/relación |
comp. |
| 9 (RLIN) |
8961 |
| 700 1# - PUNTO DE ACCESO ADICIONAL--NOMBRE DE PERSONA |
| Nombre de persona |
Molas, Joaquim, |
| Término indicativo de función/relación |
comp. |
| 9 (RLIN) |
39538 |
| 700 1# - PUNTO DE ACCESO ADICIONAL--NOMBRE DE PERSONA |
| Nombre de persona |
Batlló, José, |
| Fechas asociadas al nombre |
1939- |
| Término indicativo de función/relación |
tr. |
| 9 (RLIN) |
39539 |
| 700 1# - PUNTO DE ACCESO ADICIONAL--NOMBRE DE PERSONA |
| Nombre de persona |
Corredor Matheos, José, |
| Fechas asociadas al nombre |
1929- |
| Término indicativo de función/relación |
tr. |
| 9 (RLIN) |
39540 |
| 830 #0 - PUNTO DE ACCESO ADICIONAL DE SERIE-TÍTULO UNIFORME |
| Título uniforme |
El Libro de bolsillo : |
| Nombre de parte o sección de la obra |
Literatura, |
| Designación de volumen o secuencia |
216 |
| 9 (RLIN) |
9165 |
| 910 ## - DATOS DE OPCIÓN DEL USUARIO (OCLC) |
| Datos de opción del usuario |
Catalogación por copia / LC |